Das Bild bei Chaucer.

Saved in:
Bibliographic Details
Main Author: Klaeber, Fr. (Friedrich), b. 1863
Format: Book
Language:English
Published: Berlin : R. Heinrich, 1893.
Subjects:
LEADER 00767nam a2200205 i 4500
001 c000033001
003 CARM
005 00000000000000.0
008 841121s1893 wb eng d
019 1 |a 9710034  |z 51962184  |5 LACONCORD2021 
035 |a (OCoLC)4294228  |5 LACONCORD2021 
100 1 |a Klaeber, Fr.  |q (Friedrich),  |d b. 1863. 
245 1 0 |a Das Bild bei Chaucer. 
260 |a Berlin :  |b R. Heinrich,  |c 1893. 
300 |a 450 p. 
600 1 0 |a Chaucer, Geoffrey,  |d d. 1400  |x Language. 
600 1 0 |a Chaucer, Geoffrey,  |d d. 1400  |x Style. 
852 8 |b CARM  |h A2:AE04A0  |i B00791  |p 0039330  |f BK 
999 f f |i 69d2fe1d-48c2-51ab-8e37-fb14436bb53b  |s 45e9f118-c1be-57b7-ba53-3154242f812d 
952 f f |p Can circulate  |a CAVAL  |b CAVAL  |c CAVAL  |d CARM 1 Store  |e B00791  |f A2:AE04A0  |h Other scheme  |i book  |m 0039330